3D tlačené uhlíkové elektrochemické senzory modifikované 2D materiálmi
Saved in:
| Main Author: | |
|---|---|
| Other Authors: | |
| Format: | Manuscript Book |
| Language: | Slovak |
| Published: |
2025
|
| Subjects: | |
| Online Access: | http://is.stuba.sk/zp/portal_zp.pl?podrobnosti=178144 |
| Tags: |
No Tags, Be the first to tag this record!
|
MARC
| LEADER | 00000ntm a22000003a 4500 | ||
|---|---|---|---|
| 001 | stuzp104224 | ||
| 003 | SK-STU | ||
| 005 | 20250628211333.1 | ||
| 007 | ta | ||
| 008 | 150427s2015----xo-----f-mn---000-0-slo-d | ||
| 040 | |a STU |b slo | ||
| 041 | 0 | |a slo | |
| 100 | 1 | |a Parshin, Artem |u 049160 |4 aut |U FCHPT Ústav prírodných a syntetických polymérov |T FCHPT Oddelenie polygrafie a aplikovanej fotochémie |X 122393 |U C9160 |Y 127 |7 122393 | |
| 242 | 0 | 1 | |a 3D printed carbon electrochemical sensors modified with 2D materials |y eng |
| 245 | 1 | 0 | |a 3D tlačené uhlíkové elektrochemické senzory modifikované 2D materiálmi |
| 260 | |c 2025 | ||
| 650 | 4 | |a oxid grafénu |2 slo | |
| 650 | 4 | |a povrchová modifikácia |2 slo | |
| 650 | 4 | |a 3D tlač |2 slo | |
| 650 | 4 | |a elektrochemický senzor |2 slo | |
| 650 | 4 | |a redukcia HI |2 slo | |
| 650 | 4 | |a 3D printing |2 eng | |
| 650 | 4 | |a electrochemical sensor |2 eng | |
| 650 | 4 | |a HI reduction |2 eng | |
| 650 | 4 | |a surface modification. |2 eng | |
| 650 | 4 | |a graphene oxide |2 eng | |
| 700 | 1 | |a Gemeiner, Pavol |u 033000 |k Z8 |4 ths |U FEI Fakulta elektrotechniky a informatiky |T FEI Ústav elektroniky a fotoniky |X 16629 |U E030 |Y 549 |7 A000016629 | |
| 856 | 4 | |u http://is.stuba.sk/zp/portal_zp.pl?podrobnosti=178144 | |